Town and country planning (Record no. 69815)

MARC details
000 -LEADER
fixed length control field 01286cam a2200205 4500
001 - CONTROL NUMBER
control field WB3811-28
008 - FIXED-LENGTH DATA ELEMENTS--GENERAL INFORMATION
fixed length control field 020320n2002 000 0 eng u
035 ## - SYSTEM CONTROL NUMBER
System control number (Sirsi) u117179
245 ## - TITLE STATEMENT
Title Town and country planning
260 ## - PUBLICATION, DISTRIBUTION, ETC.
Date of publication, distribution, etc. 2002
490 ## - SERIES STATEMENT
Series statement Estates Gazette Case Summaries
Volume/sequential designation [2002] 11 EG 154 (CS)
520 ## - SUMMARY, ETC.
Summary, etc. "Harrods v SoS Environment, Transport and the Regions and another", CA 7 March 2002. Appellant (H) applied for a lawful use certificate for helicopter landings on its department store roof. The council refused permission claiming the proposed use was not ordinarily incidental to the primary use within Class A1 of the Town and Country Planning (Use Classes) Order 1987. The SoS applied a test of whether the proposed use was 'ordinarily' incidental to the primary use, found it was not and dismissed H's appeal. H brought proceedings contending the validity of the test. The claim was dismissed and H appealed. Appeal dimissed on the grounds that the SoS had applied the correct test.
590 ## - LOCAL NOTE (RLIN)
Local note WB
650 ## - SUBJECT ADDED ENTRY--TOPICAL TERM
Topical term or geographic name entry element MATERIAL CHANGE OF USE
650 ## - SUBJECT ADDED ENTRY--TOPICAL TERM
Topical term or geographic name entry element TOWN AND COUNTRY PLANNING ACT 1990
650 ## - SUBJECT ADDED ENTRY--TOPICAL TERM
Topical term or geographic name entry element HARRODS V SOS ENVIRONMENT, TRANSPORT AND THE REGIONS
650 ## - SUBJECT ADDED ENTRY--TOPICAL TERM
Topical term or geographic name entry element LAWFUL USE CERTIFICATES
690 ## - LOCAL SUBJECT ADDED ENTRY--TOPICAL TERM (OCLC, RLIN)
Topical term or geographic name as entry element Planning and development
9 (RLIN) 6259
942 ## - ADDED ENTRY ELEMENTS (KOHA)
Suppress in OPAC 0
Holdings
Withdrawn status Lost status Source of classification or shelving scheme Damaged status Not for loan Home library Current library Shelving location Date acquired Total Checkouts Full call number Barcode Date last seen Copy number Price effective from Koha item type
    Dewey Decimal Classification     London London News article 20/03/2002   WB3811-28 117179-1001 06/08/2019 1 06/08/2019 Law report